| 000 | 00782cam a22002172 4500 | ||
|---|---|---|---|
| 001 | 0000007244 | ||
| 005 | 20151217155832.0 | ||
| 008 | 071206s xx 000 0 eng d | ||
| 020 |
_a2869781911 : _cKES |
||
| 040 |
_aKABU _cKABU |
||
| 245 | 1 | 0 |
_aLaw and justice in a multicultural society : _bthe case of Mozambique / _ced. by Boaventura de Sousa Santos, Joao Carlos Trindade & Maria Paula Menases. |
| 260 |
_aDakar : _bCODESRIA, _c2006. |
||
| 300 | _axiv, 251 p. | ||
| 650 | 0 |
_aLegal polycentricity _zMozambique. _@0000158410 |
|
| 700 | 1 |
_aDe Sousa Santos, Boaventura. _@0000158411 |
|
| 700 | 1 |
_aTrindade, Joao Carlos. _@0000158412 |
|
| 700 | 1 |
_aMeneses, Maria Paula. _@0000158413 |
|
| 908 | _a071206 | ||
| 950 | _@1 | ||
| 999 |
_c13050 _d13050 |
||